00493nam a2200133 4500008004100000020001800041050002200059100002200081245016300103250001200266260004400278300002400322650001300346151012b xxu||||| |||| 00| 0 eng d a9789966210432 aPE 1408 .M38 2007 aMathooko, Jude M. aAcademic Proposal Writing:bA Guide to Preparing Proposals For Academic ResearchcJude Mutuku Mathooko, Francis Mutiso Mathooko and Petronilla Mbatha Mathooko a2nd ed. aNairobi:bJude Mutuku Mathooko,c 2007. axv, 193p.: c 21cm. aWriting.